Dinámica del ciclo económico (Registro nro. 6578)
[ vista simple ]
| 000 -LEADER | |
|---|---|
| fixed length control field | 01673 a2200205 4500 |
| 001 - CONTROL NUMBER | |
| control field | 59025 |
| 005 - DATE AND TIME OF LATEST TRANSACTION | |
| control field | 20260407155845.0 |
| 008 - FIXED-LENGTH DATA ELEMENTS--GENERAL INFORMATION | |
| fixed length control field | 260407a1956 arg spa d |
| 003 - CONTROL NUMBER IDENTIFIER | |
| control field | AR-UNSa-BCEJYS |
| 040 ## - CATALOGING SOURCE | |
| Original cataloging agency | AR-UNSa-BCEJYS |
| Language of cataloging | spa |
| Transcribing agency | AR-UNSa-BCEJYS |
| 080 ## - UNIVERSAL DECIMAL CLASSIFICATION NUMBER | |
| Universal Decimal Classification number | 338.1 |
| Common auxiliary subdivision | Situación económica. Ciclos. Desarrollo de la estructura económica |
| 100 1# - MAIN ENTRY--PERSONAL NAME | |
| Personal name | Tinbergen, Jan |
| 245 10 - TITLE STATEMENT | |
| Title | Dinámica del ciclo económico |
| Name of part/section of a work | Estudio de las fluctuaciones económicas |
| 264 #1 - PRODUCTION, PUBLICATION, DISTRIBUTION, MANUFACTURE, AND COPYRIGHT NOTICE | |
| Place of production, publication, distribution, manufacture | México : |
| Name of producer, publisher, distributor, manufacturer | Fondo de Cultura Económica |
| Date of production, publication, distribution, manufacture, or copyright notice | 1956 |
| 300 ## - PHYSICAL DESCRIPTION | |
| Extent | 387 p. |
| Dimensions | 22 cm. |
| 505 ## - FORMATTED CONTENTS NOTE | |
| Formatted contents note | Parte I: Descripción: 1. Introducción: tipos de movimiento – 2. Desarrollos a largo plazo – 3. Interrupciones y cambios estructurales repentinos – 4. Movimientos cíclicos – 5. Fluctuaciones estacionales – 6. Movimientos fortuitos – 7. Diferencias entre países – 8. Las fluctuaciones de los mercados individuales – Parte II: La explicación de las fluctuaciones económicas: 9. Estática económica y dinámica económica – 10. El proceso del desarrollo a largo plazo – 11. Periodos de guerra e inflación – 12. Los grandes ciclos – 13. Fluctuaciones del ciclo económico – 14. Los movimientos cíclicos en los mercados individuales – 15. Movimientos exógenos – 16. Recapitulación teórica – Parte III: Política anticíclica: 17. Objetivos de la política de tendencia y de la política anticíclica – 18. Políticas indirectas: Política impositiva – 19. Políticas indirectas: Otras formas – 20. Políticas directas: Políticas de gasto – 21. Políticas directas: Otras formas |
| 590 ## - LOCAL NOTE (RLIN) | |
| Local note | niveau_biblio:m niveau_hierar:0 |
| 700 1# - ADDED ENTRY--PERSONAL NAME | |
| Personal name | Polak, J.J. |
| 942 ## - ADDED ENTRY ELEMENTS (KOHA) | |
| Koha item type | |
| Withdrawn status | Lost status | Damaged status | Not for loan | Home library | Current library | Shelving location | Date acquired | Total checkouts | Full call number | Barcode | Date last seen | Price effective from | Koha item type |
|---|---|---|---|---|---|---|---|---|---|---|---|---|---|
| Biblioteca Prof. Eusebio Cleto del Rey | Biblioteca Prof. Eusebio Cleto del Rey | 07/04/2026 | 338.1 T587 | L20345 | 07/04/2026 | 07/04/2026 | Libro |